000
00286nam a2200097Ia 4500
005
20250424112902.0
008
250424s9999 xx 000 0 und d
300
_a
iv, 72p. ;26 cm.
650
_a
Library science--Africa--Periodicals. Information science--Africa--Periodicals.
942
_c
SR
999
_c
37697
_d
37697